00780nam a22002057a 4500003000900000008004100009040007100050082002900121100002000150245006100170260004000231300003700271505017200308650001300480650002200493650001000515650001300525650001500538700002100553AR-CdUCM190226b ||||| |||| 00| 0 spa d aMUNICIPALIDAD PROVINCIAL DEL CUSCOcBIBLIOTECA MUNICIPAL DEL CUSCO 22ed.a780.9243 / bSP761 aSpitta, Philipp aJohann Sebastián Bach : su vida, su obra, su época / aMéxico : bEdit. Grijalbo,c1959. a421 paginas ;b1 imagen.c22 cm. aDe Eisenach a Luneburgo -- Nacimiento y años de infancia -- Wéimar y Arnstadt -- Deberes de su cargo -- Los años de Kothen -- Los primeros años de Leipzig... aAlemania aAguas bautismales aMadre aInfancia aCompositor aRoces, Wenceslao